Mapas y planos : 1678-1884 / Francisco José Sanchís Moreno...[et al.] 1678-1884 / Francisco José Sanchís Moreno...[et al.]
ISBN:
978-84-7795-565-8
Descripción Física:
516, [15] p. : il., map.; 31 x 43 cm
MARC
| LEADER | 00000nam a2200000Ia 4500 | ||
|---|---|---|---|
| 001 | 23242 | ||
| 008 | 160829s2010 xx 000 0 cat d | ||
| 020 | |a 978-84-7795-565-8 | ||
| 080 | |a FOL-3-99 | ||
| 245 | |a Mapas y planos : |b 1678-1884 / Francisco José Sanchís Moreno...[et al.] | ||
| 260 | |a València : |b Diputació de València. Arxiu General i Fotogràfic, |c 2010 | ||
| 300 | |a 516, [15] p. : |b il., map.; |c 31 x 43 cm | ||
| 650 | |a Mapes antics |x País Valencià |x Catàlegs |9 46494 | ||
| 650 | |a València. Arxiu General i Fotogràfic |x Mapes |x Catàlegs |9 46495 | ||
| 650 | |a País Valencià |x Mapes |x Catàlegs |9 46496 | ||
| 700 | |a Sanchís Moreno, Francisco José |9 25173 | ||
| 700 | |a València. Arxiu General i Fotogràfic |9 46493 | ||
| 710 | 1 | |a València (País Valencià : Província). |b Diputació |9 54740 | |
| 901 | |a Arxiu | ||
| 942 | |n 1 | ||
| 952 | |0 0 |1 0 |4 0 |6 FOL399 |7 1 |9 53249 |a Arxiu |b Arxiu |d 2016-12-01 |l 0 |o FOL-3-99 |p 23242 |r 2016-12-01 00:00:00 |w 2016-12-01 |y ARXIU | ||
| 999 | |c 57113 |d 57113 | ||